| 000 | 00654nam a2200229Ia 4500 | ||
|---|---|---|---|
| 008 | 160803s9999 xx 000 0 und d | ||
| 020 | _a0 590329928 | ||
| 100 | _aErnst, Lisa Campbell | ||
| 245 | 4 | _aThe letters are lost! / | |
| 245 | _c[text and illustrations by] Lisa Campbell Ernst. | ||
| 260 | _aNew York : | ||
| 260 | _bScholastic Inc. | ||
| 260 | _c1996 | ||
| 300 | _a[27] unnumbered pages : | ||
| 300 | _bcolor illustrations ; | ||
| 300 | _c26 cm. | ||
| 500 | _aOriginally published: New York : Viking Penguin, c1996. | ||
| 650 | _aAlphabet. | ||
| 650 | _aLost and found possessions -- | ||
| 650 | _xFiction. | ||
| 700 | _a280 | ||
| 999 |
_c299123 _d299123 |
||